| 000 | 01082cam a2200289 i 4500 | ||
|---|---|---|---|
| 001 | b16749856 | ||
| 003 | BPK | ||
| 005 | 20220323113534.0 | ||
| 008 | 040913s2002 pl a |000 0 pol | ||
| 015 | _aPB 2004/19451 | ||
| 020 | _a8373170103 | ||
| 040 |
_aWA N _cBPK |
||
| 080 | _a338.43:635 | ||
| 080 | _a(075.8) | ||
| 100 | 1 |
_aVorob'ev, Leonid Andreevič _d(1944- ). |
|
| 245 | 1 | 0 |
_aPodstawy ekonomiki, organizacji i zarządzania w produkcji ogrodniczej / _cLeonid Worobjow, Grzegorz Spychalski. |
| 260 |
_aSzczecin : _bWydaw. Akademii Rolniczej, _c2002. |
||
| 300 |
_a152, [4] s. : _btab., wykr. ; _c24 cm. |
||
| 504 | _aBibliogr. s. [155]. | ||
| 650 | 4 |
_aOgrodnictwo _xekonomika. |
|
| 650 | 4 |
_aOgrodnictwo _xorganizacja. |
|
| 655 | 4 | _aPodręczniki akademickie | |
| 700 | 1 |
_aSpychalski, Grzegorz _d(1960-2016) _eAutor |
|
| 710 | 2 |
_aWydawnictwo Akademii Rolniczej (Poznań) _bWydawnictwo. _4pbl. |
|
| 856 | 4 | 1 |
_uhttp://koha.tu.koszalin.pl/cgi-bin/koha/opac-detail.pl?biblionumber=43148 _yKatalog online BPK |
| 942 |
_2UKD _cKS |
||
| 999 |
_c43148 _d43148 |
||